000 00383nam a2200145Ia 4500
008 231129s2007||||xx |||||||||||||| ||spa||
020 _a978-958-44-1729-9
040 _bspa
082 _aCo863.44 B139ri
100 _aBaena Hoyos Benjamin
245 0 _aEl rio corre hacia atras
260 _c2007
264 _aHoyos Editores
942 _2ddc
_cBKS
999 _c12333
_d12333